000
00224 a2200097 4500
001
57152
100
_a
245
_a
Elementary Numerical Analysis
260
_a
New York
_b
Wiley & Sons
_c
1985
090
_c
35084
_d
35084
942
_a
NUST-CAE
_c
MONOGRAPH
_c
27874
999
_c
292225
_d
292225